000 00669 a2200217 4500
001 60431
005 20260407155855.0
008 260407a2003 arg spa d
003 AR-UNSa-BCEJYS
040 _aAR-UNSa-BCEJYS
_bspa
_cAR-UNSa-BCEJYS
080 _a303.1
_xMetodología general en la investigación social
245 1 0 _aDos métodos en pos de la ciencia
_pSkocpol versus Trotski
020 _a978-950-9217-36-2
264 1 _aBuenos Aires :
_bPrometeo Libros
_c2003
300 _a79 p.
_c18 cm.
505 _a1. Theda Skocpol - 2. León Trotski
041 _aspa
942 _cBK
590 _aniveau_biblio:m niveau_hierar:0
100 1 _aBurawoy, Michael
999 _c6984
_d6984